| 000 | 01069nam a22002417a 4500 | ||
|---|---|---|---|
| 999 |
_c3370 _d3370 |
||
| 003 | AR-CdUCM | ||
| 008 | 190306b ||||| |||| 00| 0 spa d | ||
| 020 | _a968161965X | ||
| 040 |
_aMUNICIPALIDAD PROVINCIAL DEL CUSCO _cBIBLIOTECA MUNICIPAL DEL CUSCO |
||
| 082 |
_a869.1 / _bAU88 |
||
| 100 |
_aAub, Max _91502 |
||
| 245 | _aGuía de narradores de la revolución mexicana / | ||
| 260 |
_aMéxico : _bFondo de Cultura Económica, _c1969. |
||
| 300 |
_a143 páginas ; _bfotografías ; _c20.5 cm. |
||
| 440 |
_aLecturas mexicanas _n : 97 _911152 |
||
| 505 | _aContenido: Guía de narradores de la revolución mexicana -- Notas acerca de los escritores más importantes de la época -- Heriberto Frías -- Mariano Azuela -- Martín Luis Guzmán -- Rafael F. Muñoz -- José Vasconcelos ... | ||
| 650 |
_aNarrativa - Revolución mexicana _911153 |
||
| 650 |
_aNarradores mexicanos _911154 |
||
| 650 |
_aRevolución mexicana - Interpretación - Literatura _911155 |
||
| 650 |
_aNarradores de la revolución - México _911156 |
||
| 942 |
_2ddc _cLIBROS |
||
| 945 | _alccs | ||